| 000 | 00567nam a2200181Ia 4500 | ||
|---|---|---|---|
| 005 | 20250923145110.0 | ||
| 008 | 008 250917s9999 xx 000 0 eng d | ||
| 037 | _aTextual | ||
| 040 |
_aDSWL _beng _cDSWL |
||
| 041 |
_aeng _2eng |
||
| 084 |
_az2'N69t5, N67.2 _qDSWL |
||
| 245 | 0 |
_aConcert and methods of public _cby Central Institute of Research Traning |
|
| 260 |
_bCentral Institute of Research Traning in Public Cooperation New , _c1967 |
||
| 365 |
_aINR _b3 |
||
| 925 | _g3 | ||
| 942 |
_cTEXL _hz2'N69t5, N67.2 |
||
| 999 |
_c1447066 _d1447066 |
||